| 000 | 00816cab a2200217 4500 | ||
|---|---|---|---|
| 001 | WB3332-23 | ||
| 008 | 090401t1997 xxu||||| |||| 00| 0 eng d | ||
| 035 | _a(Sirsi) u80297 | ||
| 041 | _aeng | ||
| 245 | _aUps and downs of rent-review clauses | ||
| 260 | _c1997 | ||
| 350 | _a0 | ||
| 490 |
_aEstates Gazette _v(9733) 16 August 1997, 95(1) |
||
| 520 | _aDiscusses two recent cases "Royal Insurance Property Services Ltd v Cliffway Ltd" and "Standard Life Assurance v Unipath Ltd" which examined whether the wording of a clause rendered the review upwards only. | ||
| 650 | _aROYAL ASSURANCE PROPERTY SERVICES LTD V CLIFFWAY LTD | ||
| 650 | _aSTANDARD LIFE ASSURANCE V UNIPATH LTD | ||
| 650 | _aUPWARD ONLY RENT REVIEWS | ||
| 690 | _aLANDLORD AND TENANT-RENT REVIEWS | ||
| 942 | _n0 | ||
| 948 | _c15/08/1997 | ||
| 999 |
_c50561 _d50561 |
||